Čarovanie s hudbou

Bibliographic Details
Main Author: Berger, Igor, 1942- (Author)
Format: Article
Language:Slovak
Subjects:

MARC

LEADER 00000nab a2200000 a 4500
001 vtls000378769
003 SK-MaSNL
005 20260304004541.0
008 230120c1990 xo 0 slo
015 |a SNBRB19rr/mm-uuuuu 
035 |a CL0378891 
035 |a urn:nbn:sk:snk-ab1vqi 
035 |a (urnnbn)urn:nbn:sk:snk:ar-a0137m 
035 |a (uuid)82723e07-06ba-437e-8fac-1f6cceaa5fef 
040 |a SNKBUCL  |b slo  |c SNKBUCL  |e AACR2 
041 0 |a slo 
044 |a xo  |c SK 
080 |a 78.071.1/.2:785.16  |2 1981 
080 |a 785.16  |2 1981 
080 |a 929 Stivín, Jiří  |2 1981 
100 1 |a Berger, Igor,  |d 1942-  |4 aut 
245 1 0 |a Čarovanie s hudbou  |c Igor Berger ; Jiří Stivín 
300 |b Obr. 1. 
600 1 7 |a Stivín, Jiří,  |d 1942-  |2 snkbucl  |9 125492 
648 7 |a 1990  |2 SNKPH  |9 276735 
650 0 7 |a koncerty  |2 SNKPH  |9 19182 
651 7 |a Bratislava (Slovensko)  |2 SNKPH 
655 7 |a články z novín a časopisov  |2 snkbucl  |9 267496 
773 0 |t Hudobný život  |g Roč. 22, č. 8 (1990), s. 3 
850 |a Slovenská národná knižnica v Martine  |a MTA001 
852 |a SNK  |b KIS3GCP 
954 |a odborná, vedecká literatúra pôvodná (slovenská)  |2 lita 
957 |a 5100 
958 |a OND 
958 |a RK 
958 |a CZ 
958 |a EUIPO 
958 |a article27 
992 |a RBX 
999 |c 2551921  |d 2553851